000 00483nam a2200181Ia 4500
005 20250326130028.0
008 250326s9999 xx 000 0 und d
037 _aTextbook
040 _aFMSL
_beng
_cFMSL
041 _aeng
_2eng
084 _aX:74 N1
_qFMSL
100 _aMoon R W
_9740045
245 0 _aBusiness mergers and take over bids
_cMoon R W
260 _aLondon
_bLondon, Gee
_c1971
300 _a236p
942 _cTB
_hX:74 N1
999 _c1280618
_d1280618